000 00438nam a22001817a 4500
003 MPLRDC
005 20220104113759.0
008 210129b ||||| |||| 00| 0 eng d
082 _a857.45 GY-2 v.16 c.2
100 _a高阳
245 _a杨门忠烈传
_c
250 _a第六版
260 _a
_b皇冠出版社
_c1988
300 _b
490 _a皇冠丛书. 695
650 _a历史小说
942 _cBK
_o857.45 GY-2 v.16 c.2
999 _c2303
_d2293